00253 a2200109 4500001000700000020000600007040001100013100003100024240004200055245003700097362000900134166991 a  cMagnum aManacorda, Mario Alighiero10aO principio educativo em gramscilpor10aO principio educativo em gramsci0 a1899